10 najlepszych piłkarzy z każdego 5 gwiazdkowego klubu w FC26 - Statystyki

Ogólne statystyki
  • Ten quiz został rozwiązany 30 razy
  • Średni wynik to 47 z 80
Statystyki odpowiedzi
overall klub kraj piłkarz % Poprawnych
88 barcelona polska lewandowski
96%
89 barcelona hiszpania pedri
96%
89 barcelona hiszpania yamal
96%
87 barcelona holandia de jong
92%
91 real madryt francja mbappe
92%
84 barcelona polska szczęsny
92%
90 real madryt anglia bellingham
88%
89 barcelona brazylia raphinha
88%
89 real madryt urugwaj valverde
88%
87 barcelona francja kounde
83%
86 barcelona niemcy ter stegen
83%
84 bayern monachium niemcy neuer
75%
86 real madryt niemcy rudiger
75%
89 real madryt belgia courtois
71%
89 bayern monachium niemcy kimmich
71%
88 inter mediolan argentyna martinez
71%
85 real madryt brazylia rodrygo
71%
84 bayern monachium kanada davies
67%
90 PSG francja dembele
67%
89 bayern monachium anglia kane
67%
86 bayern monachium francja olise
67%
87 inter mediolan włochy barella
63%
85 real madryt hiszpania carvajal
63%
85 bayern monachium kolumbia diaz
63%
85 PSG francja doue
63%
88 arsenal brazylia gabriel
63%
89 PSG maroko hakimi
63%
87 inter mediolan szwajcaria sommer
63%
86 inter mediolan turcja calhanoglu
58%
83 barcelona hiszpania garcia
58%
86 PSG portugalia mendes
58%
88 bayern monachium niemcy musiala
58%
85 PSG portugalia neves
58%
87 arsenal norwegia odegard
58%
87 arsenal anglia rice
58%
90 manchester city hiszpania rodri
58%
88 arsenal anglia saka
58%
87 bayern monachium niemcy tah
58%
85 inter mediolan francja thuram
58%
85 bayern monachium francja upamecano
58%
89 PSG portugalia vitinha
58%
86 real madryt anglia alexander arnold
54%
87 inter mediolan włochy bastoni
54%
89 manchester city włochy donnaruma
54%
84 inter mediolan holandia dumfries
54%
82 bayern monachium niecmy goretzka
54%
87 arsenal szwecja gyokeres
54%
90 manchester city norwegia haaland
54%
87 PSG brazylia marquinhos
54%
85 barcelona hiszpania olmo
54%
85 PSG hiszpania ruiz
54%
87 arsenal francja saliba
54%
84 real madryt francja tchouameni
54%
86 manchester city portugalia dias
50%
85 inter mediolan włochy dimarco
50%
85 manchester city anglia foden
50%
84 manchester city chorwacja gvardiol
50%
88 liverpool szwecja isak
50%
86 PSG ekwador pacho
50%
87 arsenal hiszpania raya
50%
91 liverpool egipt salah
50%
90 liverpool holandia van dijk
50%
89 real madryt brazylia vini jr
50%
89 liverpool niemcy wirtz
50%
83 arsenal hiszpania zubimendi
50%
89 liverpool brazylia allison
46%
84 inter mediolan holandia de vrij
46%
87 liverpool argentyna mac alister
46%
84 manchester city portugalia silva
46%
83 manchester city chorwacja kovacic
42%
87 PSG gruzja kvaratskhelia
42%
84 manchester city egipt marmoush
42%
83 arsenal hiszpania merino
42%
86 liverpool francja konate
38%
84 liverpool holandia gakpo
33%
84 inter mediolan włochy acerbi
29%
84 liverpool gruzja mamardaschvili
29%
83 arsenal anglia eze
25%
85 liverpool holandia gravenberch
25%
86 manchester city holandia reijnders
25%
Nie znaleziono quizów pasujących do podanych kryteriów
Rozkład punktacji
Procent ludzi z każdym wynikiem
Percentyl według liczby udzielonych odpowiedzi
Twoja historia wyników
Nie rozwiązałeś tego quizu